<?xml version="1.0" encoding="UTF-8"?>
<record
    xmlns:xsi="http://www.w3.org/2001/XMLSchema-instance"
    xsi:schemaLocation="http://www.loc.gov/MARC21/slim http://www.loc.gov/standards/marcxml/schema/MARC21slim.xsd"
    xmlns="http://www.loc.gov/MARC21/slim">

  <leader>00630nam a22002177a 4500</leader>
  <controlfield tag="005">20211005144312.0</controlfield>
  <controlfield tag="008">211005b           ||||| |||| 00| 0 eng d</controlfield>
  <datafield tag="020" ind1=" " ind2=" ">
    <subfield code="a">9789354165085</subfield>
  </datafield>
  <datafield tag="040" ind1=" " ind2=" ">
    <subfield code="a">IN-DiNC</subfield>
    <subfield code="c">IN-DiNC</subfield>
  </datafield>
  <datafield tag="041" ind1=" " ind2=" ">
    <subfield code="d">asm</subfield>
  </datafield>
  <datafield tag="082" ind1=" " ind2=" ">
    <subfield code="a">338.5</subfield>
    <subfield code="b">PHU</subfield>
  </datafield>
  <datafield tag="100" ind1=" " ind2=" ">
    <subfield code="a">Phukan, Karuna</subfield>
    <subfield code="e">author</subfield>
  </datafield>
  <datafield tag="245" ind1=" " ind2=" ">
    <subfield code="a">Ucchatar madhyamik arthabigyan (class xi)/</subfield>
    <subfield code="c">by Karuna Phukan and Parswa Jyoti Neog</subfield>
  </datafield>
  <datafield tag="250" ind1=" " ind2=" ">
    <subfield code="a">1st ed.</subfield>
  </datafield>
  <datafield tag="260" ind1=" " ind2=" ">
    <subfield code="a">Dibrugarh:</subfield>
    <subfield code="b">National library publishers,</subfield>
    <subfield code="c">2020</subfield>
  </datafield>
  <datafield tag="300" ind1=" " ind2=" ">
    <subfield code="a">427p.</subfield>
  </datafield>
  <datafield tag="650" ind1=" " ind2=" ">
    <subfield code="a">Microeconomics</subfield>
  </datafield>
  <datafield tag="650" ind1=" " ind2=" ">
    <subfield code="a">Statistical economics</subfield>
  </datafield>
  <datafield tag="700" ind1=" " ind2=" ">
    <subfield code="a">Neog, Parswa Jyoti</subfield>
    <subfield code="e">author</subfield>
  </datafield>
  <datafield tag="942" ind1=" " ind2=" ">
    <subfield code="2">ddc</subfield>
    <subfield code="c">BK</subfield>
  </datafield>
  <datafield tag="999" ind1=" " ind2=" ">
    <subfield code="c">11199</subfield>
    <subfield code="d">11199</subfield>
  </datafield>
  <datafield tag="952" ind1=" " ind2=" ">
    <subfield code="0">0</subfield>
    <subfield code="1">0</subfield>
    <subfield code="2">ddc</subfield>
    <subfield code="4">0</subfield>
    <subfield code="7">0</subfield>
    <subfield code="8">ECO</subfield>
    <subfield code="a">MAIN</subfield>
    <subfield code="b">MAIN</subfield>
    <subfield code="c">GEN</subfield>
    <subfield code="d">2021-10-05</subfield>
    <subfield code="g">450.00</subfield>
    <subfield code="l">21</subfield>
    <subfield code="o">338.5 PHU</subfield>
    <subfield code="p">28612</subfield>
    <subfield code="r">2025-03-22 06:10:05</subfield>
    <subfield code="s">2025-03-18</subfield>
    <subfield code="t">1</subfield>
    <subfield code="w">2021-10-05</subfield>
    <subfield code="y">BK</subfield>
  </datafield>
  <datafield tag="952" ind1=" " ind2=" ">
    <subfield code="0">0</subfield>
    <subfield code="1">0</subfield>
    <subfield code="2">ddc</subfield>
    <subfield code="4">0</subfield>
    <subfield code="7">0</subfield>
    <subfield code="8">ECO</subfield>
    <subfield code="a">MAIN</subfield>
    <subfield code="b">MAIN</subfield>
    <subfield code="c">GEN</subfield>
    <subfield code="d">2021-10-05</subfield>
    <subfield code="g">450.00</subfield>
    <subfield code="l">16</subfield>
    <subfield code="o">338.5 PHU</subfield>
    <subfield code="p">28613</subfield>
    <subfield code="r">2025-03-22 06:38:08</subfield>
    <subfield code="s">2025-02-15</subfield>
    <subfield code="t">2</subfield>
    <subfield code="w">2021-10-05</subfield>
    <subfield code="y">BK</subfield>
  </datafield>
  <datafield tag="952" ind1=" " ind2=" ">
    <subfield code="0">0</subfield>
    <subfield code="1">0</subfield>
    <subfield code="2">ddc</subfield>
    <subfield code="4">0</subfield>
    <subfield code="7">0</subfield>
    <subfield code="8">ECO</subfield>
    <subfield code="a">MAIN</subfield>
    <subfield code="b">MAIN</subfield>
    <subfield code="c">GEN</subfield>
    <subfield code="d">2021-10-05</subfield>
    <subfield code="g">450.00</subfield>
    <subfield code="l">18</subfield>
    <subfield code="o">338.5 PHU</subfield>
    <subfield code="p">28614</subfield>
    <subfield code="r">2025-03-22 06:20:34</subfield>
    <subfield code="s">2025-03-12</subfield>
    <subfield code="t">3</subfield>
    <subfield code="w">2021-10-05</subfield>
    <subfield code="y">BK</subfield>
  </datafield>
  <datafield tag="952" ind1=" " ind2=" ">
    <subfield code="0">0</subfield>
    <subfield code="1">0</subfield>
    <subfield code="2">ddc</subfield>
    <subfield code="4">0</subfield>
    <subfield code="7">0</subfield>
    <subfield code="8">ECO</subfield>
    <subfield code="a">MAIN</subfield>
    <subfield code="b">MAIN</subfield>
    <subfield code="c">GEN</subfield>
    <subfield code="d">2021-10-05</subfield>
    <subfield code="g">450.00</subfield>
    <subfield code="l">9</subfield>
    <subfield code="o">338.5 PHU</subfield>
    <subfield code="p">28615</subfield>
    <subfield code="r">2025-03-29 05:25:22</subfield>
    <subfield code="s">2025-03-18</subfield>
    <subfield code="t">4</subfield>
    <subfield code="w">2021-10-05</subfield>
    <subfield code="y">BK</subfield>
  </datafield>
  <datafield tag="952" ind1=" " ind2=" ">
    <subfield code="0">0</subfield>
    <subfield code="1">0</subfield>
    <subfield code="2">ddc</subfield>
    <subfield code="4">0</subfield>
    <subfield code="7">0</subfield>
    <subfield code="8">ECO</subfield>
    <subfield code="a">MAIN</subfield>
    <subfield code="b">MAIN</subfield>
    <subfield code="c">GEN</subfield>
    <subfield code="d">2021-10-05</subfield>
    <subfield code="g">450.00</subfield>
    <subfield code="l">18</subfield>
    <subfield code="o">338.5 PHU</subfield>
    <subfield code="p">28616</subfield>
    <subfield code="r">2025-06-28 05:09:05</subfield>
    <subfield code="s">2025-06-14</subfield>
    <subfield code="t">5</subfield>
    <subfield code="w">2021-10-05</subfield>
    <subfield code="y">BK</subfield>
  </datafield>
  <datafield tag="952" ind1=" " ind2=" ">
    <subfield code="0">0</subfield>
    <subfield code="1">0</subfield>
    <subfield code="2">ddc</subfield>
    <subfield code="4">0</subfield>
    <subfield code="7">0</subfield>
    <subfield code="8">ECO</subfield>
    <subfield code="a">MAIN</subfield>
    <subfield code="b">MAIN</subfield>
    <subfield code="c">GEN</subfield>
    <subfield code="d">2021-10-05</subfield>
    <subfield code="g">450.00</subfield>
    <subfield code="l">15</subfield>
    <subfield code="o">338.5 PHU</subfield>
    <subfield code="p">28617</subfield>
    <subfield code="r">2025-03-22 06:23:08</subfield>
    <subfield code="s">2025-03-01</subfield>
    <subfield code="t">6</subfield>
    <subfield code="w">2021-10-05</subfield>
    <subfield code="y">BK</subfield>
  </datafield>
  <datafield tag="952" ind1=" " ind2=" ">
    <subfield code="0">0</subfield>
    <subfield code="1">0</subfield>
    <subfield code="2">ddc</subfield>
    <subfield code="4">0</subfield>
    <subfield code="7">0</subfield>
    <subfield code="8">ECO</subfield>
    <subfield code="a">MAIN</subfield>
    <subfield code="b">MAIN</subfield>
    <subfield code="c">GEN</subfield>
    <subfield code="d">2021-10-05</subfield>
    <subfield code="g">450.00</subfield>
    <subfield code="l">11</subfield>
    <subfield code="o">338.5 PHU</subfield>
    <subfield code="p">28618</subfield>
    <subfield code="r">2025-03-18 05:35:16</subfield>
    <subfield code="s">2025-03-18</subfield>
    <subfield code="t">7</subfield>
    <subfield code="w">2021-10-05</subfield>
    <subfield code="y">BK</subfield>
  </datafield>
  <datafield tag="952" ind1=" " ind2=" ">
    <subfield code="0">0</subfield>
    <subfield code="1">0</subfield>
    <subfield code="2">ddc</subfield>
    <subfield code="4">0</subfield>
    <subfield code="7">0</subfield>
    <subfield code="8">ECO</subfield>
    <subfield code="a">MAIN</subfield>
    <subfield code="b">MAIN</subfield>
    <subfield code="c">GEN</subfield>
    <subfield code="d">2021-10-05</subfield>
    <subfield code="g">450.00</subfield>
    <subfield code="l">18</subfield>
    <subfield code="o">338.5 PHU</subfield>
    <subfield code="p">28619</subfield>
    <subfield code="r">2025-03-27 05:54:18</subfield>
    <subfield code="s">2025-02-14</subfield>
    <subfield code="t">8</subfield>
    <subfield code="w">2021-10-05</subfield>
    <subfield code="y">BK</subfield>
  </datafield>
  <datafield tag="952" ind1=" " ind2=" ">
    <subfield code="0">0</subfield>
    <subfield code="1">0</subfield>
    <subfield code="2">ddc</subfield>
    <subfield code="4">0</subfield>
    <subfield code="7">0</subfield>
    <subfield code="8">ECO</subfield>
    <subfield code="a">MAIN</subfield>
    <subfield code="b">MAIN</subfield>
    <subfield code="c">GEN</subfield>
    <subfield code="d">2021-10-05</subfield>
    <subfield code="g">450.00</subfield>
    <subfield code="l">10</subfield>
    <subfield code="o">338.5 PHU</subfield>
    <subfield code="p">28620</subfield>
    <subfield code="q">2024-01-03</subfield>
    <subfield code="r">2023-12-18 00:00:00</subfield>
    <subfield code="s">2023-12-18</subfield>
    <subfield code="t">9</subfield>
    <subfield code="w">2021-10-05</subfield>
    <subfield code="y">BK</subfield>
  </datafield>
  <datafield tag="952" ind1=" " ind2=" ">
    <subfield code="0">0</subfield>
    <subfield code="1">0</subfield>
    <subfield code="2">ddc</subfield>
    <subfield code="4">0</subfield>
    <subfield code="7">0</subfield>
    <subfield code="8">ECO</subfield>
    <subfield code="a">MAIN</subfield>
    <subfield code="b">MAIN</subfield>
    <subfield code="c">GEN</subfield>
    <subfield code="d">2021-10-05</subfield>
    <subfield code="g">450.00</subfield>
    <subfield code="l">18</subfield>
    <subfield code="o">338.5 PHU</subfield>
    <subfield code="p">28621</subfield>
    <subfield code="r">2025-03-22 05:54:48</subfield>
    <subfield code="s">2025-02-14</subfield>
    <subfield code="t">10</subfield>
    <subfield code="w">2021-10-05</subfield>
    <subfield code="y">BK</subfield>
  </datafield>
  <datafield tag="952" ind1=" " ind2=" ">
    <subfield code="0">0</subfield>
    <subfield code="1">0</subfield>
    <subfield code="2">ddc</subfield>
    <subfield code="4">0</subfield>
    <subfield code="7">0</subfield>
    <subfield code="8">ECO</subfield>
    <subfield code="a">MAIN</subfield>
    <subfield code="b">MAIN</subfield>
    <subfield code="c">GEN</subfield>
    <subfield code="d">2021-10-05</subfield>
    <subfield code="g">450.00</subfield>
    <subfield code="l">11</subfield>
    <subfield code="o">338.5 PHU</subfield>
    <subfield code="p">28622</subfield>
    <subfield code="r">2025-03-27 04:27:40</subfield>
    <subfield code="s">2025-02-14</subfield>
    <subfield code="t">11</subfield>
    <subfield code="w">2021-10-05</subfield>
    <subfield code="y">BK</subfield>
  </datafield>
  <datafield tag="952" ind1=" " ind2=" ">
    <subfield code="0">0</subfield>
    <subfield code="1">0</subfield>
    <subfield code="2">ddc</subfield>
    <subfield code="4">0</subfield>
    <subfield code="7">0</subfield>
    <subfield code="8">ECO</subfield>
    <subfield code="a">MAIN</subfield>
    <subfield code="b">MAIN</subfield>
    <subfield code="c">GEN</subfield>
    <subfield code="d">2021-10-05</subfield>
    <subfield code="g">450.00</subfield>
    <subfield code="l">17</subfield>
    <subfield code="o">338.5 PHU</subfield>
    <subfield code="p">28623</subfield>
    <subfield code="r">2025-01-27 05:53:03</subfield>
    <subfield code="s">2025-01-09</subfield>
    <subfield code="t">12</subfield>
    <subfield code="w">2021-10-05</subfield>
    <subfield code="y">BK</subfield>
  </datafield>
  <datafield tag="952" ind1=" " ind2=" ">
    <subfield code="0">0</subfield>
    <subfield code="1">0</subfield>
    <subfield code="2">ddc</subfield>
    <subfield code="4">0</subfield>
    <subfield code="7">0</subfield>
    <subfield code="8">ECO</subfield>
    <subfield code="a">MAIN</subfield>
    <subfield code="b">MAIN</subfield>
    <subfield code="c">GEN</subfield>
    <subfield code="d">2021-10-05</subfield>
    <subfield code="g">450.00</subfield>
    <subfield code="l">19</subfield>
    <subfield code="o">338.5 PHU</subfield>
    <subfield code="p">28624</subfield>
    <subfield code="r">2025-03-01 04:24:31</subfield>
    <subfield code="s">2025-02-15</subfield>
    <subfield code="t">13</subfield>
    <subfield code="w">2021-10-05</subfield>
    <subfield code="y">BK</subfield>
  </datafield>
  <datafield tag="952" ind1=" " ind2=" ">
    <subfield code="0">0</subfield>
    <subfield code="1">0</subfield>
    <subfield code="2">ddc</subfield>
    <subfield code="4">0</subfield>
    <subfield code="7">0</subfield>
    <subfield code="8">ECO</subfield>
    <subfield code="a">MAIN</subfield>
    <subfield code="b">MAIN</subfield>
    <subfield code="c">GEN</subfield>
    <subfield code="d">2021-10-05</subfield>
    <subfield code="g">450.00</subfield>
    <subfield code="l">20</subfield>
    <subfield code="o">338.5 PHU</subfield>
    <subfield code="p">28625</subfield>
    <subfield code="r">2025-04-09 06:53:38</subfield>
    <subfield code="s">2025-03-27</subfield>
    <subfield code="t">14</subfield>
    <subfield code="w">2021-10-05</subfield>
    <subfield code="y">BK</subfield>
  </datafield>
  <datafield tag="952" ind1=" " ind2=" ">
    <subfield code="0">0</subfield>
    <subfield code="1">0</subfield>
    <subfield code="2">ddc</subfield>
    <subfield code="4">0</subfield>
    <subfield code="7">0</subfield>
    <subfield code="8">ECO</subfield>
    <subfield code="a">MAIN</subfield>
    <subfield code="b">MAIN</subfield>
    <subfield code="c">GEN</subfield>
    <subfield code="d">2021-11-15</subfield>
    <subfield code="g">450.00</subfield>
    <subfield code="l">13</subfield>
    <subfield code="o">338.5 PHU</subfield>
    <subfield code="p">28735</subfield>
    <subfield code="r">2025-06-25 04:22:54</subfield>
    <subfield code="s">2025-06-16</subfield>
    <subfield code="t">15</subfield>
    <subfield code="w">2021-11-15</subfield>
    <subfield code="y">BK</subfield>
  </datafield>
</record>
